12 biggest cities in Papua New Guinea - Statistics

General Stats
  • This quiz has been taken 11 times
  • The average score is 4 of 12
Answer Stats
rank Answer % Correct
1 Port Moresby
100%
11 Wewak
70%
2 Lae
60%
4 Mt hagen
40%
3 Arawa
30%
6 Madang
30%
9 Kimbe
20%
7 Kokopo
20%
5 Popondetta
20%
12 Bulolo
10%
10 Goraka
0%
8 Mendi
0%
No matching quizzes found
Score Distribution
Percent of People with Each Score
Percentile by Number Answered
Your Score History
You have not taken this quiz